Contemporary Japanese literature : (Record no. 592183)

000 -LEADER
fixed length control field 00717cam a22001934a 4500
020 ## - INTERNATIONAL STANDARD BOOK NUMBER
International Standard Book Number 0887274366 (pbk.)
082 00 - DEWEY DECIMAL CLASSIFICATION NUMBER
Classification number 895.608005
Author Mark CON
245 00 - TITLE STATEMENT
Title Contemporary Japanese literature :
Remainder of title an anthology of fiction, film, and other writing since 1945 /
Statement of responsibility, etc. edited and with a new preface by Howard Hibbett.
250 ## - EDITION STATEMENT
Edition statement 1st Cheng & Tsui ed.
260 ## - PUBLICATION, DISTRIBUTION, ETC.
Place of publication, distribution, etc. Boston :
Name of publisher, distributor, etc. Cheng & Tsui Co.,
Date of publication, distribution, etc. c2005.
300 ## - PHYSICAL DESCRIPTION
Extent xxii, 468 p. ;
Dimensions 24 cm.
650 #0 - SUBJECT ADDED ENTRY--TOPICAL TERM
Topical term or geographic name entry element Japanese literature
700 1# - ADDED ENTRY--PERSONAL NAME
Personal name Hibbett, Howard.
942 ## - ADDED ENTRY ELEMENTS (KOHA)
Source of classification or shelving scheme
Koha item type Book
650 #0 - SUBJECT ADDED ENTRY--TOPICAL TERM
-- 102114
650 #0 - SUBJECT ADDED ENTRY--TOPICAL TERM
-- 102115
700 1# - ADDED ENTRY--PERSONAL NAME
-- 102116
Holdings
Withdrawn status Lost status Source of classification or shelving scheme Damaged status Not for loan Permanent Location Current Location Shelving location Date acquired Source of acquisition Total Checkouts Total Renewals Full call number Barcode Date last seen Date last checked out Price effective from Koha item type
          Central Library (CL) Central Library (CL) Explore Japan 11/01/2022 Donated by Japan Embassy 1 2 895.608005 CON CL-D-2172 08/22/2023 05/29/2023 11/01/2022 Book
© 2023 Central Library, National University of Sciences and Technology. All Rights Reserved.